01579nam a22002297a 450000500170000000800410001702000180005804000070007604100120008308200230009510000190011824500710013726000540020830000260026236500530028852009130034165000180125465000180127265000140129065000240130470000210132820221103162855.0221103b ||||| |||| 00| 0 eng d a9780143442295 cAL aEnglish 223a371.3943bDASL aGaur Gopal Das aLifes amazing Secrets:How To Find Balance and Purpose in Your Life aHaryanabPenguin Random House India Pvt.Ltdc2018 a208 p.bPBc20x13 cm. a5234b₹200.00c₹d₹250.00e20%f28-10-2022 aStop going through life, Start growing through life! While navigating their way through Mumbai’s horrendous traffic, Gaur Gopal Das and his wealthy young friend Harry get talking, delving into concepts ranging from the human condition to finding one’s purpose in life and the key to lasting happiness. Whether you are looking at strengthening your relationships, discovering your true potential, understanding how to do well at work or even how you can give back to the world, Gaur Gopal Das takes us on an unforgettable journey with his precious insights on these areas of life. Das is one of the most popular and sought-after monks and life coaches in the world, having shared his wisdom with millions. His debut book, Life’s Amazing Secrets, distils his experiences and lessons about life into a light-hearted, thought-provoking book that will help you align yourself with the life you want to live. aPersonal life aRelationships aWork Life aSocial Contribution aDAS (Gaur Gopal)